Detalles MARC
| 000 -LEADER |
| campo de control de longitud fija |
01654nas a2200325 i 4500 |
| 001 - NÚMERO DE CONTROL |
| campo de control |
45 |
| 003 - IDENTIFICADOR DE NÚMERO DE CONTROL |
| campo de control |
gtuscu |
| 005 - FECHA Y HORA DE LA ÚLTIMA TRANSACCIÓN |
| campo de control |
20250827144451.0 |
| 006 - CÓDIGOS DE INFORMACIÓN DE LONGITUD FIJA--CARACTERÍSTICAS DEL MATERIAL ADICIONAL |
| campo de control de longitud fija |
sfr|p|r|||| 00| b0 |
| 007 - CAMPO FIJO DE DESCRIPCIÓN FÍSICA--INFORMACIÓN GENERAL |
| campo de control de longitud fija |
ta |
| 008 - DATOS DE LONGITUD FIJA--INFORMACIÓN GENERAL |
| campo de control de longitud fija |
241016b1997 gt fr|p| |||| |0| 0 spa d |
| 022 ## - NÚMERO INTERNACIONAL NORMALIZADO PARA PUBLICACIONES SERIADAS |
| Fuente |
rda |
| Número Internacional Normalizado para Publicaciones Seriadas |
02549963 |
| 040 ## - FUENTE DE CATALOGACIÓN |
| Centro catalogador/agencia de origen |
gtuscu |
| Centro/agencia transcriptor |
gtuscu |
| Centro/agencia modificador |
gtuscu |
| Normas de descripción |
rda |
| Lengua de catalogación |
spa |
| 245 1# - MENCIÓN DEL TÍTULO |
| Título |
Mesoamérica / |
| Mención de responsabilidad, etc. |
Centro de Investigaciones Regionales de Mesoamérica (CIRMA) y Plumsock Mesoamerican Studies |
| 264 ## - PRODUCCIÓN, PUBLICACIÓN, DISTRIBUCIÓN, FABRICACIÓN Y COPYRIGHT |
| Producción, publicación, distribución, fabricación y copyright |
Antigua Guatemala, Guatemala : |
| Nombre del de productor, editor, distribuidor, fabricante |
Centro de Investigaciones Regionales de Mesoamérica y Plumsock Mesoamerican Studies, |
| Fecha de producción, publicación, distribución, fabricación o copyright |
1980- |
| 300 ## - DESCRIPCIÓN FÍSICA |
| Otras características físicas |
Figuras, Ilustraciones. |
| Dimensiones |
21 cm , 25cm . |
| 310 ## - PERIODICIDAD ACTUAL |
| Periodicidad actual |
Semestral |
| 362 0# - FECHAS DE PUBLICACIÓN Y/O DESIGNACIÓN SECUENCIAL |
| Fecha de publicación y/o designación secuencial |
Año 1, volumen 1 (1980)- |
| 362 0# - FECHAS DE PUBLICACIÓN Y/O DESIGNACIÓN SECUENCIAL |
| Fecha de publicación y/o designación secuencial |
Año 2, Cuaderno 2 (1981)- |
| 362 0# - FECHAS DE PUBLICACIÓN Y/O DESIGNACIÓN SECUENCIAL |
| Fecha de publicación y/o designación secuencial |
Año 18, número 33 (1997)- |
| 362 0# - FECHAS DE PUBLICACIÓN Y/O DESIGNACIÓN SECUENCIAL |
| Fecha de publicación y/o designación secuencial |
Año 37, número 58 (2016)- |
| 500 ## - NOTA GENERAL |
| Nota general |
Tablas de contenido y resúmenes: en español e inglés. |
| 500 ## - NOTA GENERAL |
| Nota general |
Año 17, número 32, (diciembre 1996): Índice general, 1980-1996. |
| 500 ## - NOTA GENERAL |
| Nota general |
Año 18, número 33 (junio 1997), número especial: Aspectos étnicos y religiosos. |
| 500 ## - NOTA GENERAL |
| Nota general |
Publicado en 2008: Índice general Nos. 1 (1980) al 50 (2008). |
| 650 14 - PUNTO DE ACCESO ADICIONAL DE MATERIA--TÉRMINO DE MATERIA |
| Término de materia o nombre geográfico como elemento de entrada |
Ciencias sociales |
| Fuente del encabezamiento o término |
LEMB |
| Subdivisión de forma |
Investigaciones |
| Subdivisión general |
Publicaciones seriadas |
| 650 14 - PUNTO DE ACCESO ADICIONAL DE MATERIA--TÉRMINO DE MATERIA |
| Término de materia o nombre geográfico como elemento de entrada |
Mayas |
| Fuente del encabezamiento o término |
LEMB |
| Subdivisión general |
Publicaciones seriadas |
| 773 0# - ASIENTO DE ITEM FUENTE |
| Encabezamiento principal |
Mesoamérica |
| Lugar, editor y fecha de publicación |
Antigua Guatemala, Guatemala : Centro de Investigaciones Regionales de Mesoamérica, 1980- |
| Parte(s) relacionada(s) |
Año 1, Volumen 1 |
| Descripción física |
21 cm , 25 cm |
| Número de control del registro |
1 |
| Número Internacional Normalizado para Publicaciones Seriadas |
02529963 |
| 942 ## - ELEMENTOS DE ENTRADA SECUNDARIOS (KOHA) |
| Fuente de la clasificación o esquema de estantería |
Clasificación Decimal Dewey |
| Tipo de ítem Koha |
Publicaciones Periódicas |
| Parte de la signatura que identifica el ejemplar (Parte del ítem) |
Año 1, volumen 1 (1980)- |
| -- |
Año 18, número 33 (1997)- |
| -- |
Año 37, número 58 (2016)- |
| Suprimir en OPAC |
No |